Officially Buddhist Countries - Statistics

General Stats
  • This quiz has been taken 37 times
  • The average score is 6 of 7
Answer Stats
Country % Correct
Thailand
100%
Cambodia
97%
Bhutan
91%
Laos
91%
Myanmar
91%
Sri Lanka
77%
Mongolia
66%
No matching quizzes found
Score Distribution
Percent of People with Each Score
Percentile by Number Answered
Your Score History
You have not taken this quiz